000 00727nam a22002177a 4500
005 20250121122531.0
010 _aENG-124812 ENG-143535
020 _a9788193802212
_c450.00
020 _a9788193802205
_c225.00
035 _aEN-108344
035 _aEN-127067
037 _bDBAD/PUB
082 _a821
245 _aGems of hindi poetry/
_cedited by Om Sapra; translated by Kuldip Salil
260 _aNew Delhi
_bSasta Sahitya Mandal Prakashan
_c2018
270 _aN-77, First Floor, Connaught Circus
_bNew Delhi
_e110001
_k011-23310505, 41523565
_msastasahityamandal@gmail.com
300 _a257p.
_c22cm(Hb)
700 _aSapra Om
_976816
700 _aSalil Kuldip
_976817
942 _2ddc
_cEN
_h821
_mGEM
999 _c160837
_d160837